Electronic Evidence in the Courtroom (Record no. 1848225)

MARC details
000 -LEADER
fixed length control field 00520nam a22001937a 4500
005 - DATE AND TIME OF LATEST TRANSACTION
control field 20260410125939.0
008 - FIXED-LENGTH DATA ELEMENTS--GENERAL INFORMATION
fixed length control field 260410b |||||||| |||| 00| 0 eng d
020 ## - INTERNATIONAL STANDARD BOOK NUMBER
International Standard Book Number 9788197759055
040 ## - CATALOGING SOURCE
Transcribing agency FLL
041 ## - LANGUAGE CODE
Source of code Eng
Language code of text/sound track or separate title Eng
084 ## - COLON CLASSIFICATION NUMBER
Classification number Z2,94:({D65,8(B)} R5
100 ## - MAIN ENTRY--PERSONAL NAME
Personal name Narvankar.Yuvraj.P.
245 ## - TITLE STATEMENT
Title Electronic Evidence in the Courtroom
Remainder of title A lawyer's manual
250 ## - EDITION STATEMENT
Edition statement 2nd
260 ## - PUBLICATION, DISTRIBUTION, ETC.
Place of publication, distribution, etc. Haryana,India
Name of publisher, distributor, etc. Lexis Nexis
Date of publication, distribution, etc. 2025
300 ## - PHYSICAL DESCRIPTION
Extent xliv,674p.
650 ## - SUBJECT ADDED ENTRY--TOPICAL TERM
Topical term or geographic name entry element Constitution
942 ## - ADDED ENTRY ELEMENTS (KOHA)
Source of classification or shelving scheme Colon Classification (CC)
Koha item type Textual
100 ## - MAIN ENTRY--PERSONAL NAME
-- 1234668
999 ## -
-- 1848225
-- 1848225
Holdings
Withdrawn status Lost status Source of classification or shelving scheme Damaged status Not for loan Home library Current library Date acquired Source of acquisition Cost, normal purchase price Inventory number Total checkouts Full call number Barcode Date last seen Copy number Price effective from Koha item type
    Colon Classification (CC)     Faculty of Law Library Faculty of Law Library 2026-02-05 Atlantic Publishers and Distributors 1495.00 1205332-12/01/2026   Z2,94:(D65,8(B)) R5 LL1943517 2026-04-10 1 2026-04-10 Textual
    Colon Classification (CC)     Faculty of Law Library Faculty of Law Library 2026-02-05 Atlantic Publishers and Distributors 1495.00 1205332-12/01/2026   Z2,94:(D65,8(B)) R5 LL1943518 2026-04-10 2 2026-04-10 Textual
    Colon Classification (CC)     Faculty of Law Library Faculty of Law Library 2026-02-05 Atlantic Publishers and Distributors 1495.00 1205332-12/01/2026   Z2,94:(D65,8(B)) R5 LL1943519 2026-04-10 3 2026-04-10 Textual
Copyright @ Delhi University Library System